Invalid party wall awards and how to avoid them (Record no. 65009)

MARC details
000 -LEADER
fixed length control field 00954cam a2200229 4500
001 - CONTROL NUMBER
control field ABS62936
008 - FIXED-LENGTH DATA ELEMENTS--GENERAL INFORMATION
fixed length control field 000000n2000 000 0 eng u
035 ## - SYSTEM CONTROL NUMBER
System control number (Sirsi) u108891
100 ## - MAIN ENTRY--PERSONAL NAME
Personal name Chynoweth, P.
245 ## - TITLE STATEMENT
Title Invalid party wall awards and how to avoid them
260 ## - PUBLICATION, DISTRIBUTION, ETC.
Date of publication, distribution, etc. 2000
490 ## - SERIES STATEMENT
Series statement Structural Survey
Volume/sequential designation 18(4) 2000, 168-176(9)
520 ## - SUMMARY, ETC.
Summary, etc. Looks at reasons for the invalidity of party wall awards. Explains invalidity largely on the basis of an excess of the surveyors' statutory authority, and demonstrates the limits of this authority. Concludes that surveyors should adopt an inquisitive and analytical approach to the scope of their authority to avoid the possibility of invalid awards. References.
590 ## - LOCAL NOTE (RLIN)
Local note ABS
650 ## - SUBJECT ADDED ENTRY--TOPICAL TERM
Topical term or geographic name entry element PARTY WALL AWARDS
650 ## - SUBJECT ADDED ENTRY--TOPICAL TERM
Topical term or geographic name entry element INVALID AWARDS
650 ## - SUBJECT ADDED ENTRY--TOPICAL TERM
Topical term or geographic name entry element SURVEYORS
650 ## - SUBJECT ADDED ENTRY--TOPICAL TERM
Topical term or geographic name entry element JURISDICTION
650 ## - SUBJECT ADDED ENTRY--TOPICAL TERM
Topical term or geographic name entry element PARTY WALL ETC ACT 1996
690 ## - LOCAL SUBJECT ADDED ENTRY--TOPICAL TERM (OCLC, RLIN)
Topical term or geographic name as entry element Boundary disputes
9 (RLIN) 6221
942 ## - ADDED ENTRY ELEMENTS (KOHA)
Suppress in OPAC 0
Holdings
Withdrawn status Lost status Source of classification or shelving scheme Damaged status Not for loan Home library Current library Shelving location Date acquired Total Checkouts Barcode Date last seen Copy number Price effective from Koha item type
    Dewey Decimal Classification     London London Journal article 20/10/2000   108891-1001 06/08/2019 1 06/08/2019 Journal article